Terrorism and terrorist acts in the world according to law

Bibliographic Details
Main Author: Dr&̤#380;dż, Dominika Katarzyna
Format: eBook
Language:English
Published: Londres: Lambert Academic Publishing, 2019
Subjects:
Online Access:Acceso restringido

MARC

LEADER 00000nam a22000007a 4500
005 20190919223729.0
007 cr|||| |||
008 190919s2019 uk |||||s|||| 00||0 eng d
020 |a 9786139449606 
035 |a 29654 
040 |a vLex 
090 |c 9597  |d 9597 
100 1 |a Dr&̤#380;dż, Dominika Katarzyna 
245 1 0 |a Terrorism and terrorist acts in the world according to law  |h [Recurso electrn̤ico] /  |c Dominika Katarzyna Dr&̤#380;dż 
256 |a Servicio en ln̕ea 
260 |a Londres:  |b Lambert Academic Publishing,  |c 2019 
300 |a 1 recurso electrn̤ico 
500 |a The world is undergoing constant changes, technology develops, concepts related to terrorism are changing. Therefore, terrorism is also subject to evolution. The concept of „new terrorism” appeared , which was introduced in 1986 by researchers from the Institute for the Study of Conflict. It meant the "network nature of the organisation". This change leads to a departure from the classic hierarchical structure - from an unambiguous, permanent location to the non-territoriality. This departure from the hierarchy, in favour of cooperating people, led to communication with each other only through the network. Ideology is not supposed to „predict” what targets will be attacked. Terrorists are addicted to the publicity of their deeds. The publicity of terrorist acts is connected with ideological justification. Typically, terrorists are required to maximize their successful attacks, which are to result from ideologies being the cause of their actions. 
506 1 |a Disponible solo en los productos indicados  |d vLex Global  |d vLex Global (Academic Edition, excluding Law Schools)  |d vLex Global (U.S. Academic Edition, Law Schools)  |d vLex Global (U.S. Academic Edition, excluding Law Schools)  |d vLex Global (Academic Edition, Law Schools) 
650 0 4 |a Derecho Pb︢lico y Administrativo  |z Inglaterra 
740 0 |a vLex Libros (Servicio en ln̕ea) 
856 4 0 |u http://vlex.com/source/29654  |z Acceso restringido 
942 |c BOOK 
999 0 |a Public and Administrative Law